000 00597nam a2200217 a 4500
001 16428
003 CO-ViMGA
008 141112s2004 ck r 000 u spa d
020 _a9583005231
040 _aCO-ViMGA
_bspa
_cCO-ViMGA
082 0 4 _aDACt
100 1 _aDa Coll, Ivar
245 1 0 _aTengo miedo, historias de Eusebio II
260 _aBogotá :
_bPanAméricana,
_c1998
300 _a36.p.il.
490 _aOA Infantil
590 _aForma de adquisición : Premio - Mincultura
650 1 4 _aCUENTOS INFANTILES COLOMBIANOS
_92369
650 1 4 _aMIEDO - CUENTOS
_923480
942 _2ddc
_cBK
999 _c26281
_d26281